[Event "29.Schlosspark-Open"]
[Site "Wiesbaden-Biebrich"]
[Date "2017.08.24"]
[Round "1.83"]
[White "Kleehammer, Otto"]
[Black "Werner, Tom"]
[Result "1-0"]
[WhiteElo "1911"]
[BlackElo "1516"]
[PlyCount "65"]
[EventDate "2017.??.??"]
[WhiteTeam "vereinslos"]
[BlackTeam "VSG Offenbach"]

1. f4 d5 2. Nf3 e6 3. g3 Nf6 4. Bg2 c5 5. d3 Nc6 6. c3 Bd7 7. O-O Qb6 8. Qc2
Rc8 9. Kh1 Be7 10. e4 d4 11. Na3 Qc7 12. Bd2 a6 13. Rac1 dxc3 14. bxc3 b5 15.
Nb1 O-O 16. Be3 Ng4 17. Bg1 Rfd8 18. h3 Nf6 19. e5 Nh5 20. Bh2 g6 21. Nbd2 f6
22. g4 Ng7 23. exf6 Bxf6 24. Ne4 Rf8 25. Nxc5 Be7 26. Nxd7 Qxd7 27. Qe2 Bd6 28.
Ng5 h6 29. Ne4 Qc7 30. Nxd6 Qxd6 31. f5 Qe7 32. fxe6 Rf6 33. Be4 1-0

[Event "29.Schlosspark-Open"]
[Site "Wiesbaden-Biebrich"]
[Date "2017.08.24"]
[Round "1.84"]
[White "Schneider, Luca"]
[Black "Thomele, Michael"]
[Result "0-1"]
[WhiteElo "1433"]
[BlackElo "1908"]
[PlyCount "86"]
[EventDate "2017.??.??"]
[WhiteTeam "FC Bierstadt"]
[BlackTeam "SC Obernau"]

1. Nf3 d5 2. e3 Nf6 3. b3 Bf5 4. Bb2 e6 5. Be2 Bd6 6. d3 h6 7. Nbd2 O-O 8. c4
Nc6 9. a3 a5 10. Qc2 Bh7 11. O-O Re8 12. Rfd1 Bf8 13. Rac1 Qe7 14. Ne5 Nxe5 15.
Bxe5 c6 16. c5 Nd7 17. Bd6 Qf6 18. Bxf8 Nxf8 19. Bf3 Nd7 20. e4 Qf4 21. Qc3 Ne5
22. Re1 Rad8 23. Rcd1 Bg6 24. Be2 Ra8 25. d4 Nd7 26. g3 Qc7 27. e5 f6 28. exf6
Nxf6 29. Bd3 Bxd3 30. Qxd3 e5 31. f3 exd4 32. Qxd4 Re7 33. Rxe7 Qxe7 34. Kf2
Re8 35. Qd3 Qxc5+ 36. Kg2 Qxa3 37. Nf1 Qb2+ 38. Rd2 Qe5 39. Kf2 Nd7 40. Qc2 Kh8
41. g4 Qf4 42. Qg6 Rf8 43. Rd3 Ne5 0-1

[Event "29.Schlosspark-Open"]
[Site "Wiesbaden-Biebrich"]
[Date "2017.08.24"]
[Round "1.85"]
[White "Wüst, Michael"]
[Black "Klinke, Roland"]
[Result "1-0"]
[WhiteElo "1907"]
[BlackElo "1410"]
[PlyCount "67"]
[EventDate "2017.??.??"]
[WhiteTeam "PTSV SK Hof"]
[BlackTeam "TuS Dotzheim"]

1. d4 Nf6 2. c4 e6 3. Nc3 Bb4 4. e3 d5 5. Nf3 Nc6 6. Bd3 a6 7. O-O O-O 8. a3
Bd6 9. c5 Be7 10. b4 b6 11. Rb1 b5 12. Qc2 Bd7 13. Re1 Rb8 14. Bd2 Re8 15. Ne5
Bf8 16. f4 g6 17. Qd1 Ne7 18. Qf3 Bg7 19. Rf1 c6 20. Be1 Nf5 21. g4 Ne7 22. Bh4
Rf8 23. Bg5 h6 24. Bh4 Kh7 25. Rb2 Rh8 26. Nxf7 Qc7 27. Nxh8 Rxh8 28. Rg2 a5
29. Bg3 axb4 30. axb4 Qa7 31. f5 g5 32. fxe6+ Kg8 33. exd7 Qxd7 34. Be5 1-0

[Event "29.Schlosspark-Open"]
[Site "Wiesbaden-Biebrich"]
[Date "2017.08.24"]
[Round "1.86"]
[White "Schmitz, Bernhard Hubert"]
[Black "Rowland, Anthony"]
[Result "0-1"]
[WhiteElo "1394"]
[BlackElo "1904"]
[PlyCount "62"]
[EventDate "2017.??.??"]
[WhiteTeam "Vorw.Orient Mainz"]
[BlackTeam "SC Taunusstein"]

1. d4 Nf6 2. c4 e5 3. d5 Bc5 4. Nc3 a5 5. h3 h6 6. e3 d6 7. Bd3 Qe7 8. Qc2 Bb4
9. e4 Na6 10. a3 Bxc3+ 11. bxc3 Nc5 12. Ne2 Bd7 13. f3 Ba4 14. Qb1 O-O 15. Be3
Nxd3+ 16. Qxd3 Nd7 17. Nc1 b6 18. Rb1 Nc5 19. Qe2 f5 20. exf5 Rxf5 21. O-O Raf8
22. Qe1 Bc2 23. Ra1 e4 24. Qd2 Bb3 25. Qe2 exf3 26. gxf3 Bxc4 27. Qxc4 Qxe3+
28. Kh1 Rxf3 29. Rxf3 Rxf3 30. Qe2 Rxh3+ 31. Kg2 Qg3+ 0-1

[Event "29.Schlosspark-Open"]
[Site "Wiesbaden-Biebrich"]
[Date "2017.08.24"]
[Round "1.87"]
[White "Büse, Ralf"]
[Black "Conrad, Nico"]
[Result "1-0"]
[WhiteElo "1896"]
[BlackElo "1386"]
[PlyCount "67"]
[EventDate "2017.??.??"]
[WhiteTeam "SC Ladja Roßdorf"]
[BlackTeam "SG Mörsdorf-Lahr"]

1. d4 d5 2. Bf4 Bf5 3. e3 Nf6 4. c4 Nc6 5. Nc3 e6 6. Nf3 Bb4 7. Be2 Ne4 8. Rc1
O-O 9. Qb3 Rb8 10. O-O Bg4 11. cxd5 Bxf3 12. Nxe4 Bxe2 13. dxc6 Bxf1 14. Kxf1
bxc6 15. Rxc6 Bd6 16. Qc2 Bxf4 17. exf4 Qxd4 18. b3 f5 19. Ng5 Qxf4 20. Nxe6
Qxh2 21. Nxf8 Re8 22. Ne6 Qh1+ 23. Ke2 Qxg2 24. Qc4 Qe4+ 25. Qxe4 fxe4 26. Ke3
Kf7 27. Ng5+ Kf8 28. Nxh7+ Kg8 29. Ng5 Re5 30. Kf4 Re7 31. Ra6 e3 32. fxe3 c5
33. Rc6 Re8 34. Rxc5 1-0

[Event "29.Schlosspark-Open"]
[Site "Wiesbaden-Biebrich"]
[Date "2017.08.24"]
[Round "1.88"]
[White "von Beckh, Frieda"]
[Black "Launert, Martin"]
[Result "0-1"]
[WhiteElo "1248"]
[BlackElo "1894"]
[PlyCount "118"]
[EventDate "2017.??.??"]
[WhiteTeam "SC Eschborn"]
[BlackTeam "Sfr. Erbach"]

1. e4 e5 2. Nf3 Nc6 3. d4 exd4 4. Bc4 Nf6 5. O-O d6 6. Re1 Be7 7. Nxd4 O-O 8.
Nxc6 bxc6 9. Nc3 Rb8 10. Be3 c5 11. b3 c6 12. Qd2 Nd7 13. Bf4 Nb6 14. Be2 Be6
15. Rad1 Nc8 16. Na4 Nb6 17. Nxb6 Qxb6 18. Bxd6 Rfd8 19. Qf4 Bxd6 20. Rxd6 Rxd6
21. Qxd6 Rd8 22. Qe7 h6 23. Rd1 Rxd1+ 24. Bxd1 Qb4 25. Qd8+ Kh7 26. Qd3 Qe1+
27. Qf1 Qxe4 28. Qd3 Qxd3 29. cxd3 Kg6 30. Bf3 Bd5 31. Be4+ Kf6 32. Kf1 Ke5 33.
f3 Kd4 34. Ke2 Kc3 35. Ke3 a5 36. Kf4 Bxe4 37. dxe4 Kb2 38. Ke5 Kxa2 39. Kd6
Kxb3 40. e5 c4 41. Ke7 c3 42. Kxf7 c2 43. e6 c1=Q 44. e7 Qf4+ 45. Kxg7 Qg5+ 46.
Kf7 Qf5+ 47. Kg7 Qe6 48. Kf8 Qf6+ 49. Ke8 a4 50. Kd7 Qf5+ 51. Kd8 Qd5+ 52. Kc7
Qe6 53. Kd8 Qd6+ 54. Ke8 a3 55. Kf7 Qd7 56. Kf8 Qxe7+ 57. Kg8 a2 58. f4 a1=Q
59. f5 Qag7# 0-1

[Event "29.Schlosspark-Open"]
[Site "Wiesbaden-Biebrich"]
[Date "2017.08.24"]
[Round "1.89"]
[White "Modric, Vladimir"]
[Black "Werner, Rosalie"]
[Result "1-0"]
[WhiteElo "1894"]
[BlackElo "1373"]
[PlyCount "49"]
[EventDate "2017.??.??"]
[WhiteTeam "SC Nied"]
[BlackTeam "VSG Offenbach"]

1. Nf3 e6 2. b3 d5 3. Bb2 Nf6 4. e3 Be7 5. Be2 c5 6. O-O Nc6 7. Bb5 a6 8. Bxc6+
bxc6 9. d3 O-O 10. Nbd2 Qc7 11. Ne5 Bd6 12. f4 Nd7 13. Nxd7 Bxd7 14. Nf3 f6 15.
Qe1 e5 16. fxe5 fxe5 17. Qh4 Rf6 18. e4 Rh6 19. Qe1 Rf8 20. Bc1 Rh5 21. Bd2 Rf6
22. Ng5 Rg6 23. Qf2 Rhxg5 24. Qf7+ Kh8 25. Qf8+ 1-0

[Event "29.Schlosspark-Open"]
[Site "Wiesbaden-Biebrich"]
[Date "2017.08.24"]
[Round "1.90"]
[White "Sitta, Stefan"]
[Black "Fröhlich-Dill, Astrid"]
[Result "0-1"]
[WhiteElo "1314"]
[BlackElo "1891"]
[PlyCount "124"]
[EventDate "2017.??.??"]
[WhiteTeam "Sfr. Wiesbaden"]
[BlackTeam "SV Hofheim"]

1. d4 Nf6 2. Bf4 e6 3. e3 b6 4. c3 Bb7 5. Nf3 c5 6. Nbd2 Nc6 7. Bd3 Be7 8. Nc4
d5 9. Nce5 O-O 10. h4 Ne4 11. Nd2 Nxe5 12. dxe5 f5 13. exf6 Nxf6 14. g4 c4 15.
Bc2 d4 16. Rg1 d3 17. Ba4 Qd5 18. f3 b5 19. Bc2 dxc2 20. Qxc2 e5 21. Bg3 Bc5
22. Bf2 Rad8 23. O-O-O Qd3 24. Rgf1 Nd5 25. Rde1 Nb6 26. Qxd3 Rxd3 27. e4 Bxf2
28. Rxf2 Rf4 29. Kc2 Na4 30. Ref1 Nc5 31. b3 Ba6 32. h5 h6 33. Rg1 Re3 34. g5
hxg5 35. Rxg5 Nd3 36. Rf1 Kh7 37. Rfg1 Rf7 38. Rg6 Bb7 39. bxc4 bxc4 40. Nxc4
Rexf3 41. Nd6 Nc5 42. Nxf7 Bxe4+ 43. Kc1 Rxf7 44. R6g5 Bf3 45. Kc2 Re7 46. Re1
Be4+ 47. Kd1 Kh6 48. Reg1 Bf3+ 49. Kc2 Bxh5 50. R5g3 g6 51. c4 Rf7 52. Re3 e4
53. Kc3 Bf3 54. Kd4 Nd3 55. Kc3 g5 56. Rxd3 exd3 57. Kxd3 g4 58. Ke3 Kg5 59.
Kf2 Kf4 60. c5 Rc7 61. Rc1 g3+ 62. Kg1 Rh7 0-1

[Event "29.Schlosspark-Open"]
[Site "Wiesbaden-Biebrich"]
[Date "2017.08.24"]
[Round "1.91"]
[White "Hassemeier, Mika"]
[Black "Herrmann, Gerhard"]
[Result "1-0"]
[WhiteElo "1888"]
[BlackElo "1293"]
[PlyCount "69"]
[EventDate "2017.??.??"]
[WhiteTeam "FVS ASP Hoyerswerda"]
[BlackTeam "SC Königsspringer Alzenau"]

1. e4 d5 2. exd5 Nf6 3. Nc3 Nxd5 4. Bc4 Nxc3 5. bxc3 e6 6. Nf3 b6 7. O-O Bb7 8.
d4 Be7 9. Ne5 Nd7 10. Bb5 c6 11. Bxc6 Bxc6 12. Nxc6 Qc7 13. Nxe7 Kxe7 14. Ba3+
Kd8 15. d5 Qxc3 16. dxe6 fxe6 17. Qd6 Re8 18. Rad1 Qc7 19. Qd4 e5 20. Qe4 Qc8
21. Bd6 Re6 22. Qh4+ Ke8 23. Qxh7 Kf7 24. f4 e4 25. Qf5+ Nf6 26. Be5 Re8 27.
Qg5 Qc5+ 28. Kh1 Rad8 29. Bxf6 gxf6 30. Qg4 Qxc2 31. f5 Rg8 32. Qh5+ Ke7 33.
Qh7+ Ke8 34. Qxg8+ Ke7 35. Qxd8+ 1-0

[Event "29.Schlosspark-Open"]
[Site "Wiesbaden-Biebrich"]
[Date "2017.08.24"]
[Round "1.92"]
[White "Hamwi, Mustafa"]
[Black "Hipler, Andreas"]
[Result "1/2-1/2"]
[WhiteElo "1219"]
[BlackElo "1884"]
[PlyCount "96"]
[EventDate "2017.??.??"]
[WhiteTeam "SV Rüsselsheim"]
[BlackTeam "SK Gau-Algesheim"]

1. d4 Nf6 2. c4 e6 3. Nc3 Bb4 4. Bd2 O-O 5. e3 b6 6. Nf3 Bb7 7. Be2 d6 8. a3
Bxc3 9. Bxc3 Ne4 10. Qc2 f5 11. Bd3 Nd7 12. O-O Qe8 13. Bxe4 Bxe4 14. Qe2 Qh5
15. Qd1 Bxf3 16. Qxf3 Qxf3 17. gxf3 f4 18. e4 Rf6 19. Kh1 Rh6 20. Rg1 Rf8 21.
a4 a5 22. b4 Rh5 23. d5 e5 24. bxa5 bxa5 25. Bxa5 Rc8 26. Rgc1 Nc5 27. Ra3 Kf7
28. Bb4 Na6 29. Rb3 Rb8 30. Rcb1 Ra8 31. Ra3 Rh6 32. Ra2 Ke8 33. a5 Kd7 34. Ra4
Rf6 35. Ba3 Rff8 36. Rb5 Rfb8 37. Kg2 c6 38. dxc6+ Kxc6 39. Rb6+ Rxb6 40. axb6
Kxb6 41. Bxd6 Re8 42. Ra1 Re6 43. Rd1 Kc6 44. c5 Nxc5 45. Bxc5 Kxc5 46. Rd7
Rg6+ 47. Kh3 Kc6 48. Rd5 Re6 1/2-1/2

[Event "29.Schlosspark-Open"]
[Site "Wiesbaden-Biebrich"]
[Date "2017.08.24"]
[Round "1.93"]
[White "Brechlin, Olaf"]
[Black "Raima, Jan"]
[Result "1-0"]
[WhiteElo "1879"]
[BlackElo "774"]
[PlyCount "35"]
[EventDate "2017.??.??"]
[WhiteTeam "FVS ASP Hoyerswerda"]
[BlackTeam "FC Bierstadt"]

1. Nc3 g6 2. f4 Bg7 3. e4 d6 4. Nf3 b6 5. Bc4 h6 6. O-O Bb7 7. d4 e6 8. d5 e5
9. Qe1 a6 10. fxe5 dxe5 11. Qg3 Nd7 12. d6 cxd6 13. Bxf7+ Kxf7 14. Nxe5+ Ke7
15. Nxg6+ Ke8 16. Nxh8 Be5 17. Qg6+ Ke7 18. Qf7# 1-0